[Event "CYCC-U18"]
[Site "Montreal CAN"]
[Date "1998.01.31"]
[Round "1"]
[White "Gammon, Scott"]
[Black "Afrah, Navid"]
[Result "1-0"]
[WhiteElo "1584"]
[BlackElo "2227"]
[PlyCount "62"]
[GameId "2160767911874026"]
[EventDate "1998.01.31"]
[EventType "swiss"]
[EventRounds "5"]
[EventCountry "CAN"]

1. Nf3 Nf6 2. b3 g6 3. Bb2 Bg7 4. e3 O-O 5. Be2 d6 6. c4 e5 7. d3 Nbd7 8. Nc3 Ne8 9. Qc2 f5 10. Nd2 Ndf6 11. h3 Be6 12. O-O-O c6 13. f3 Bh6 14. Nf1 d5 15. Re1 b5 16. g4 bxc4 17. dxc4 d4 18. Nd1 e4 19. Nf2 dxe3 20. Nd1 exf3 21. Bxf3 e2+ 22. Kb1 exf1=Q 23. Rhxf1 Qd7 24. Qg2 fxg4 25. Bxc6 Qd3+ 26. Ka1 Bf5 27. Nf2 gxh3 28. Qh1 Qc2 29. Bxa8 Bg7 30. Rb1 g5 31. Nxh3 g4 1-0

[Event "CYCC-U18"]
[Site "Montreal CAN"]
[Date "1998.01.31"]
[Round "1"]
[White "Hua, Lefong"]
[Black "Bertrand, Eric"]
[Result "1-0"]
[WhiteElo "2317"]
[BlackElo "1976"]
[PlyCount "87"]
[GameId "2160767911874027"]
[EventDate "1998.01.31"]
[EventType "swiss"]
[EventRounds "5"]
[EventCountry "CAN"]

1. d4 e6 2. c4 Nf6 3. Nf3 Bb4+ 4. Bd2 Qe7 5. g3 Ne4 6. a3 Nxd2 7. Nbxd2 Bxd2+ 8. Qxd2 b6 9. Bg2 Bb7 10. O-O d5 11. Rfc1 c6 12. Rc2 O-O 13. cxd5 exd5 14. Ne5 f6 15. Nxc6 Bxc6 16. Rxc6 Nxc6 17. Bxd5+ Kh8 18. Bxc6 Rac8 19. Bb5 Rfd8 20. e3 Rc5 21. Qb4 Rc7 22. Qxe7 Rxe7 23. Rc1 g6 24. Kg2 Kg7 25. Kf3 Rd5 26. Bd3 f5 27. g4 fxg4+ 28. Kxg4 h6 29. h4 Rd6 30. Rc8 Rf7 31. f4 Re7 32. Kf3 Rf7 33. Bc4 Re7 34. d5 Rf7 35. Ke4 g5 36. Ke5 Rfd7 37. hxg5 hxg5 38. Rc6 Rxc6 39. dxc6 Re7+ 40. Kd6 Rxe3 41. c7 Re8 42. Kd7 Rh8 43. fxg5 Kg6 44. c8=Q 1-0

[Event "CYCC-U18"]
[Site "Montreal CAN"]
[Date "1998.01.31"]
[Round "1"]
[White "Peredun, Andrew"]
[Black "Goldenberg, Danny"]
[Result "1-0"]
[WhiteElo "2131"]
[BlackElo "2388"]
[PlyCount "123"]
[GameId "2160767911874028"]
[EventDate "1998.01.31"]
[EventType "swiss"]
[EventRounds "5"]
[EventCountry "CAN"]

1. e4 c5 2. Nf3 Nc6 3. d4 cxd4 4. Nxd4 e5 5. Nb5 d6 6. c4 Be7 7. Be3 Be6 8. Be2 a6 9. N5c3 Bg5 10. Nd5 Bxe3 11. Nxe3 Nge7 12. O-O O-O 13. Nd2 Nd4 14. Nf3 Nec6 15. Nxd4 Nxd4 16. Nc2 Nxe2+ 17. Qxe2 Rc8 18. Ne3 Qh4 19. f3 f5 20. g3 Qg5 21. exf5 Bxf5 22. Nxf5 Qxf5 23. Rac1 Rce8 24. Qe4 Qxe4 25. fxe4 Rxf1+ 26. Kxf1 Kf7 27. Ke2 Rc8 28. Kd3 Ke7 29. Rf1 b5 30. cxb5 axb5 31. Rf2 Rc4 32. Re2 Rd4+ 33. Kc3 Ke6 34. a3 h6 35. b3 g6 36. Re3 Kd7 37. b4 Ke6 38. Kb3 Rd1 39. Kc2 Rf1 40. Rd3 Kd7 41. a4 bxa4 42. Ra3 Rf2+ 43. Kc3 Rxh2 44. Rxa4 Rg2 45. Ra7+ Ke6 46. b5 Rxg3+ 47. Kc4 Rg1 48. Kb4 h5 49. b6 Rb1+ 50. Ka5 Kf6 51. b7 Kg5 52. Ka6 h4 53. Ra8 Kg4 54. b8=Q Rxb8 55. Rxb8 h3 56. Kb6 h2 57. Rh8 Kg3 58. Kc6 g5 59. Kxd6 Kg2 60. Kxe5 g4 61. Kf4 g3 62. e5 1-0

[Event "CYCC-U18"]
[Site "Montreal CAN"]
[Date "1998.01.31"]
[Round "2"]
[White "Afrah, Navid"]
[Black "Chin, Garrett"]
[Result "0-1"]
[WhiteElo "2227"]
[BlackElo "2030"]
[PlyCount "38"]
[GameId "2160767911874030"]
[EventDate "1998.01.31"]
[EventType "swiss"]
[EventRounds "5"]
[EventCountry "CAN"]

1. e4 e5 2. Nf3 Nc6 3. Bb5 f5 4. Nc3 fxe4 5. Nxe4 Nf6 6. Qe2 d5 7. Ng3 Bd6 8. Nxe5 O-O 9. Nxc6 bxc6 10. Bxc6 Bxg3 11. hxg3 Qd6 12. Ba4 Ba6 13. d3 Qb4+ 14. Kf1 Qxa4 15. Qe6+ Rf7 16. Bg5 Re8 17. Qh3 Qxc2 18. Bxf6 Bxd3+ 19. Kg1 Rxf6 0-1

[Event "CYCC-U18"]
[Site "Montreal CAN"]
[Date "1998.01.31"]
[Round "2"]
[White "Wu, Douglas"]
[Black "Bertrand, Eric"]
[Result "1/2-1/2"]
[WhiteElo "1979"]
[BlackElo "1976"]
[PlyCount "73"]
[GameId "2160767911874033"]
[EventDate "1998.01.31"]
[EventType "swiss"]
[EventRounds "5"]
[EventCountry "CAN"]

1. e4 e6 2. d4 d5 3. e5 c5 4. c3 Nc6 5. Nf3 Qb6 6. Bd3 Bd7 7. O-O cxd4 8. cxd4 Nxd4 9. Nxd4 Qxd4 10. Nc3 Qb6 11. Qe2 Ne7 12. Kh1 Nc6 13. f4 Nb4 14. Bb1 d4 15. a3 dxc3 16. axb4 cxb2 17. Bxb2 Bb5 18. Bd3 Bxd3 19. Qxd3 Be7 20. Bd4 Qc6 21. Rfc1 Qd7 22. Qe4 O-O 23. Bxa7 b5 24. Be3 Ra4 25. Rxa4 bxa4 26. Ra1 Qb5 27. Bc5 Bxc5 28. bxc5 a3 29. c6 Rc8 30. Kg1 Qxc6 31. Qxc6 Rxc6 32. Rxa3 f6 33. exf6 gxf6 34. Ra7 h6 35. Re7 Rc4 36. Rxe6 Rxf4 37. Re7 1/2-1/2

[Event "CYCC-U18"]
[Site "Montreal CAN"]
[Date "1998.01.31"]
[Round "3"]
[White "Bertrand, Eric"]
[Black "Afrah, Navid"]
[Result "0-1"]
[WhiteElo "1976"]
[BlackElo "2227"]
[PlyCount "118"]
[GameId "2160767911874034"]
[EventDate "1998.01.31"]
[EventType "swiss"]
[EventRounds "5"]
[EventCountry "CAN"]

1. e4 c5 2. c3 d5 3. exd5 Qxd5 4. d4 Nf6 5. Nf3 e6 6. Be3 cxd4 7. cxd4 Bb4+ 8. Nc3 Nc6 9. a3 Bxc3+ 10. bxc3 O-O 11. Bd3 Qa5 12. Qc2 h6 13. Qd2 Nd5 14. c4 Nxe3 15. fxe3 Bd7 16. O-O Qxd2 17. Nxd2 Rfd8 18. Ne4 Be8 19. Rab1 b6 20. Nc3 Rac8 21. Be2 Na5 22. Rb4 Rc7 23. Ne4 f5 24. Nd2 Re7 25. Nf3 Bh5 26. Rf2 f4 27. exf4 Bxf3 28. Rxf3 Rxd4 29. g3 e5 30. Re3 e4 31. Kf2 Nb7 32. Rc3 Rd2 33. Ke3 Ra2 34. Rcb3 Nc5 35. Rc3 Rd7 36. Rb1 Rdd2 37. Re1 Kf8 38. h3 Rdb2 39. Bg4 Rg2 40. Kd4 Rad2+ 41. Ke3 Rd6 42. Rec1 Rdd2 43. f5 Rb2 44. f6 Rxg3+ 45. Kf4 Rxc3 46. Rxc3 gxf6 47. Bh5 Rf2+ 48. Ke3 Rg2 49. Kf4 Ke7 50. h4 Rf2+ 51. Kg3 Rd2 52. Bg6 Rd3+ 53. Rxd3 exd3 54. Kf3 Ke6 55. Ke3 Ke5 56. Bxd3 Nxd3 57. Kxd3 f5 58. Ke3 f4+ 59. Kf3 h5 0-1

[Event "CYCC-U18"]
[Site "Montreal CAN"]
[Date "1998.01.31"]
[Round "3"]
[White "Gammon, Scott"]
[Black "Wu, Douglas"]
[Result "0-1"]
[WhiteElo "1584"]
[BlackElo "1979"]
[PlyCount "66"]
[GameId "2160767911874035"]
[EventDate "1998.01.31"]
[EventType "swiss"]
[EventRounds "5"]
[EventCountry "CAN"]

1. Nf3 Nf6 2. b3 g6 3. Bb2 Bg7 4. e3 O-O 5. c4 d6 6. Be2 c5 7. Nc3 Nbd7 8. d3 a6 9. O-O Rb8 10. a4 b6 11. Nd2 e6 12. f4 d5 13. Qc2 Bb7 14. g4 Qc7 15. g5 Ne8 16. Bf3 d4 17. exd4 Bxd4+ 18. Kh1 Nd6 19. Ne2 Bxb2 20. Qxb2 Nf5 21. Bxb7 Qxb7+ 22. Ne4 f6 23. Kg1 fxg5 24. fxg5 Qc7 25. Qc1 Ne5 26. Nf6+ Kg7 27. Nf4 Qd6 28. Qd2 h6 29. Ne4 Qe7 30. Qc3 Nd4 31. gxh6+ Kxh6 32. Qb2 Nef3+ 33. Kh1 Rxf4 0-1

[Event "CYCC-U18"]
[Site "Montreal CAN"]
[Date "1998.01.31"]
[Round "3"]
[White "Goldenberg, Danny"]
[Black "Hua, Lefong"]
[Result "0-1"]
[WhiteElo "2388"]
[BlackElo "2317"]
[PlyCount "64"]
[GameId "2160767911874036"]
[EventDate "1998.01.31"]
[EventType "swiss"]
[EventRounds "5"]
[EventCountry "CAN"]

1. d4 Nf6 2. Nc3 d5 3. Bg5 Nbd7 4. Nf3 g6 5. e3 Bg7 6. Bd3 O-O 7. O-O c6 8. Re1 Qb6 9. Qd2 Re8 10. Rab1 e5 11. dxe5 Nxe5 12. Nxe5 Rxe5 13. Bf4 Re8 14. Na4 Qd8 15. Rbd1 Nh5 16. Bg3 Nxg3 17. hxg3 Qf6 18. Nc3 Bg4 19. Be2 Bxe2 20. Qxe2 Rad8 21. Qg4 Qe6 22. Qa4 d4 23. exd4 Qxe1+ 24. Rxe1 Rxe1+ 25. Kh2 Bxd4 26. Qb4 Bxf2 27. Ne4 Rd4 28. Nf6+ Kg7 29. Qc3 Re5 30. g4 Kxf6 31. Qf3+ Rf5 32. Qe2 Rh5+ 0-1

[Event "CYCC-U18"]
[Site "Montreal CAN"]
[Date "1998.01.31"]
[Round "3"]
[White "Peredun, Andrew"]
[Black "Chin, Garrett"]
[Result "1/2-1/2"]
[WhiteElo "2131"]
[BlackElo "2030"]
[PlyCount "60"]
[GameId "2160767911874037"]
[EventDate "1998.01.31"]
[EventType "swiss"]
[EventRounds "5"]
[EventCountry "CAN"]

1. e4 e5 2. Nc3 Nc6 3. Bc4 Nf6 4. d3 Na5 5. Nge2 Be7 6. O-O O-O 7. Ng3 d6 8. f3 c6 9. a4 Nxc4 10. dxc4 Be6 11. Qe2 Qb6+ 12. Be3 Qb4 13. Nf5 Rfe8 14. b3 d5 15. Nxe7+ Rxe7 16. cxd5 cxd5 17. exd5 Nxd5 18. Nxd5 Bxd5 19. c4 Be6 20. Qc2 Rd7 21. Rfd1 f6 22. Rxd7 Bxd7 23. Rd1 Qe7 24. Qd3 Bc6 25. Kf2 e4 26. fxe4 Qxe4 27. Qxe4 Bxe4 28. Rd7 Bc6 29. Rd6 a6 30. g3 Re8 1/2-1/2

[Event "CYCC-U18"]
[Site "Montreal CAN"]
[Date "1998.02.01"]
[Round "4"]
[White "Afrah, Navid"]
[Black "Goldenberg, Danny"]
[Result "0-1"]
[WhiteElo "2227"]
[BlackElo "2388"]
[PlyCount "100"]
[GameId "2160767911874039"]
[EventDate "1998.01.31"]
[EventType "swiss"]
[EventRounds "5"]
[EventCountry "CAN"]

1. e4 c5 2. Nf3 Nc6 3. Nc3 e5 4. Bc4 Be7 5. O-O Nf6 6. d3 d6 7. Ng5 O-O 8. f4 exf4 9. Bxf4 h6 10. Nf3 Be6 11. Nd5 Bxd5 12. exd5 Nb4 13. Qd2 Nbxd5 14. Bxh6 Nb6 15. Bxg7 Kxg7 16. Nh4 Nh7 17. Nf5+ Kh8 18. Qh6 Bf6 19. Rf3 Qd7 20. Raf1 Nxc4 21. Rh3 Bd4+ 22. Kh1 f6 23. dxc4 Rf7 24. c3 Re8 25. Rg3 Qxf5 26. Rgf3 Qg5 27. Qxg5 Nxg5 28. Rf4 Be5 29. Rh4+ Kg7 30. Rg4 Kh8 31. Rxg5 fxg5 32. Rxf7 Bxc3 33. g3 Re1+ 34. Kg2 Re2+ 35. Kf3 Rxb2 36. Kg4 Rxh2 37. Rxb7 a5 38. Kxg5 Bd2+ 39. Kg6 Rh6+ 40. Kf5 Bc3 41. g4 Rf6+ 42. Kg5 Kg8 43. Kh5 Rf7 44. Rb8+ Kg7 45. g5 Bd2 46. Rb6 Rf5 47. Rxd6 Rxg5+ 48. Kh4 Rg2 49. Kh3 Rf2 50. Kg3 Bf4+ 0-1

[Event "CYCC-U18"]
[Site "Montreal CAN"]
[Date "1998.02.01"]
[Round "4"]
[White "Bertrand, Eric"]
[Black "Gammon, Scott"]
[Result "1-0"]
[WhiteElo "1976"]
[BlackElo "1584"]
[PlyCount "123"]
[GameId "2160767911874040"]
[EventDate "1998.01.31"]
[EventType "swiss"]
[EventRounds "5"]
[EventCountry "CAN"]

1. e4 b6 2. d4 Bb7 3. Bd3 e6 4. Ne2 c5 5. c3 d6 6. O-O Ne7 7. Be3 Ng6 8. f4 Nd7 9. f5 Ne7 10. fxe6 fxe6 11. Nf4 Qc8 12. Nxe6 Nf6 13. d5 Ng6 14. Bg5 c4 15. Bxf6 gxf6 16. Qa4+ Ke7 17. Qxc4 Ne5 18. Qxc8 Rxc8 19. Be2 Bh6 20. Nf4 Rhg8 21. Nd2 Rg7 22. Nb3 Rcg8 23. g3 Bc8 24. Nd4 Ke8 25. Nde6 Bxe6 26. Nxe6 Rf7 27. Bh5 Ng6 28. Rf5 Kd7 29. Raf1 Bg7 30. Nxg7 Rgxg7 31. Bxg6 Rxg6 32. Kg2 Ke7 33. Rh5 Rg8 34. Kf3 a5 35. Ke3 a4 36. Rf4 b5 37. a3 Rc8 38. Rfh4 Rh8 39. Rh6 Kf8 40. Kf4 Kg7 41. Kf5 Re7 42. R6h5 Ree8 43. g4 h6 44. Rh3 Re7 45. Re3 Rhe8 46. Kf4 Kg6 47. h4 Rc8 48. Rf5 Rf7 49. g5 Rcf8 50. h5+ Kg7 51. gxf6+ Rxf6 52. Rg3+ Kh7 53. Rg6 Rxf5+ 54. exf5 Rd8 55. f6 Rf8 56. Rg7+ Kh8 57. Kf5 b4 58. Rd7 bxc3 59. bxc3 Rg8 60. f7 Rg5+ 61. Kf6 Rg6+ 62. Ke7 1-0

[Event "CYCC-U18"]
[Site "Montreal CAN"]
[Date "1998.02.01"]
[Round "5"]
[White "Chin, Garrett"]
[Black "Bertrand, Eric"]
[Result "0-1"]
[WhiteElo "2030"]
[BlackElo "1976"]
[PlyCount "108"]
[GameId "2160767911874042"]
[EventDate "1998.01.31"]
[EventType "swiss"]
[EventRounds "5"]
[EventCountry "CAN"]

1. d4 e6 2. e4 d5 3. Nc3 Nf6 4. e5 Nfd7 5. f4 c5 6. Nf3 Nc6 7. Be3 Qb6 8. Na4 Qa5+ 9. c3 cxd4 10. Nxd4 Nxd4 11. Bxd4 b5 12. b4 Qxa4 13. Qxa4 bxa4 14. Bb5 Be7 15. Bxa4 Bb7 16. O-O Kd8 17. f5 Nb6 18. Bc2 Kd7 19. a4 Nc4 20. a5 Bc6 21. fxe6+ fxe6 22. Rf7 g6 23. Bc5 Rae8 24. Bxa7 Nxe5 25. Rxe7+ Kxe7 26. Bd4 Kd6 27. Bc5+ Kc7 28. Bd4 Nd7 29. Bxh8 Rxh8 30. Kf2 Bb5 31. Ke3 e5 32. Bd1 Kc6 33. Bg4 Nf6 34. Bf3 e4 35. Bd1 Re8 36. h3 Nd7 37. Bb3 Ne5 38. Ra2 Nc4+ 39. Bxc4 Bxc4 40. Rf2 Re7 41. Rf6+ Kb5 42. Rb6+ Ka4 43. a6 Ra7 44. Rb7 Rxa6 45. Rxh7 Kb3 46. Rb7 Kxc3 47. b5 Ra2 48. Kf4 Rxg2 49. b6 Rf2+ 50. Kg5 Rg2+ 51. Kh4 Be2 52. Rg7 g5+ 53. Rxg5 Rxg5 54. b7 Rg8 0-1

[Event "CYCC-U18"]
[Site "Montreal CAN"]
[Date "1998.02.01"]
[Round "5"]
[White "Hua, Lefong"]
[Black "Peredun, Andrew"]
[Result "1-0"]
[WhiteElo "2317"]
[BlackElo "2131"]
[PlyCount "107"]
[GameId "2160767911874043"]
[EventDate "1998.01.31"]
[EventType "swiss"]
[EventRounds "5"]
[EventCountry "CAN"]

1. d4 Nf6 2. c4 g6 3. Nc3 Bg7 4. e4 O-O 5. f4 d6 6. Nf3 c5 7. d5 e6 8. Be2 exd5 9. cxd5 Re8 10. Nd2 c4 11. a4 Na6 12. O-O Nc5 13. Bf3 b6 14. e5 dxe5 15. fxe5 Rxe5 16. Nxc4 Re8 17. d6 Nfe4 18. Nxe4 Nxe4 19. Qd5 Bf5 20. g4 Be6 21. Qxe4 Rc8 22. Ne3 Bc4 23. Qb7 Rb8 24. Qc7 Bxf1 25. Kxf1 Qf6 26. Kg2 Qd4 27. d7 Red8 28. Nd5 Be5 29. Qc6 h5 30. h3 h4 31. Qc2 Rxd7 32. Be3 Qxb2 33. Qxb2 Bxb2 34. Rd1 Rbd8 35. Bg5 Re8 36. Bc1 Rxd5 37. Bxd5 Bxc1 38. Rxc1 Re7 39. Kf3 Kg7 40. Rc3 a6 41. Rc6 b5 42. a5 Rd7 43. Be4 Rd1 44. Rxa6 Rh1 45. Kg2 Ra1 46. Ra7 Kf6 47. Bd5 b4 48. a6 Ra3 49. Bc4 Rg3+ 50. Kh2 Rc3 51. Rxf7+ Ke5 52. a7 Ra3 53. Rd7 g5 54. Bd5 1-0

[Event "Calgary July active"]
[Site "Calgary CAN"]
[Date "1998.07.28"]
[Round "4"]
[White "Clark, Alan"]
[Black "Odachowski, Arthur"]
[Result "0-1"]
[WhiteElo "1786"]
[BlackElo "2108"]
[PlyCount "62"]
[GameId "2160767911872402"]
[EventDate "1998.07.28"]
[EventType "swiss (rapid)"]
[EventRounds "6"]
[EventCountry "CAN"]

1. e4 c5 2. Nf3 Nc6 3. c3 Nf6 4. e5 Nd5 5. d4 cxd4 6. cxd4 e6 7. Nc3 Nxc3 8. bxc3 Qc7 9. Bd3 Na5 10. Qc2 b6 11. O-O Bb7 12. Be4 Bxe4 13. Qxe4 Rc8 14. Bf4 Ba3 15. h3 Qc6 16. Nd2 Qxc3 17. d5 Nc4 18. dxe6 dxe6 19. Rad1 Nxd2 20. Bxd2 Qc2 21. Qg4 O-O 22. h4 Rc4 23. Qg3 Bb2 24. h5 Qf5 25. Qb3 Rc2 26. Bb4 Rfc8 27. Qa4 Bxe5 28. Qd7 h6 29. Qe7 Qxh5 30. g3 Bxg3 31. Rd8+ Kh7 0-1

[Event "Calgary Over 1800 op"]
[Site "Calgary CAN"]
[Date "1998.09.06"]
[Round "4"]
[White "Yearwood, Roy"]
[Black "Walker, Warrick"]
[Result "0-1"]
[WhiteElo "2272"]
[BlackElo "2221"]
[PlyCount "74"]
[GameId "2160767911806456"]
[EventDate "1998.09.05"]
[EventType "swiss"]
[EventRounds "5"]
[EventCountry "CAN"]

1. d4 d6 2. Nf3 f5 3. g3 Nf6 4. Bg2 g6 5. c4 Bg7 6. Nc3 O-O 7. h3 c6 8. Be3 Qc7 9. Qb3 Kh8 10. d5 e5 11. dxe6 Bxe6 12. Nd4 Bg8 13. Qa4 Nbd7 14. b3 Rfe8 15. Rd1 Rxe3 16. fxe3 Nh5 17. g4 Ng3 18. Rg1 Nc5 19. Qa3 Qe7 20. Kd2 Re8 21. Nc2 Qe5 22. b4 Nd7 23. Kc1 Qxc3 24. Qxc3 Nxe2+ 25. Kd2 Nxc3 26. Rdf1 fxg4 27. Nd4 Ne4+ 28. Bxe4 Rxe4 29. Rxg4 Rxg4 30. hxg4 Bxc4 31. Rg1 Kg8 32. a3 Ne5 33. Kc3 Bd5 34. Kd2 c5 35. e4 cxd4 36. exd5 Nf3+ 37. Kd3 Nxg1 0-1

[Event "Cambridge op"]
[Site "Cambridge CAN"]
[Date "1998.04.19"]
[Round "4"]
[White "Dougherty, Michael"]
[Black "Daez, Noel"]
[Result "1/2-1/2"]
[WhiteElo "2360"]
[BlackElo "2156"]
[PlyCount "86"]
[GameId "2160767911873480"]
[EventDate "1998.04.18"]
[EventType "swiss"]
[EventRounds "5"]
[EventCountry "CAN"]

1. d4 Nf6 2. Nf3 b6 3. Bg5 Bb7 4. Nbd2 d5 5. Bxf6 gxf6 6. e3 Nd7 7. c4 e5 8. cxd5 exd4 9. e4 f5 10. Nxd4 fxe4 11. Qh5 Qf6 12. Ne6 Rc8 13. Nxf8 Kxf8 14. Bc4 Re8 15. O-O Re5 16. Qg4 Nc5 17. f4 Re8 18. Nb3 Rg8 19. Qe2 c6 20. Nxc5 bxc5 21. d6 Bc8 22. f5 Rg5 23. Rad1 Bd7 24. Qe3 Re5 25. Be6 Ke8 26. Bxd7+ Kxd7 27. Qb3 Rd5 28. Qb7+ Kxd6 29. Qb8+ Kd7 30. Qxa7+ Kd6 31. Rxd5+ cxd5 32. Qb6+ Ke7 33. Qc7+ Ke8 34. Qc8+ Qd8 35. Qxc5 Qd7 36. f6 Re5 37. Qb4 Qa7+ 38. Kh1 Re6 39. Qb5+ Qd7 40. Qb8+ Qd8 41. Qg3 Qd6 42. Qg8+ Qf8 43. Qg3 Qd6 1/2-1/2

[Event "Cambridge op"]
[Site "Cambridge CAN"]
[Date "1998.04.19"]
[Round "5"]
[White "Flitton, David"]
[Black "Brice, Ron"]
[Result "1-0"]
[WhiteElo "1826"]
[BlackElo "2071"]
[PlyCount "65"]
[GameId "2160767911873481"]
[EventDate "1998.04.18"]
[EventType "swiss"]
[EventRounds "5"]
[EventCountry "CAN"]
[SourceTitle "CFC 1998.06"]

1. d4 c5 2. d5 d6 3. Nf3 g6 4. Bf4 Bg7 5. Nc3 Na6 6. e4 Nc7 7. Bd3 Nf6 8. O-O O-O 9. h3 b6 10. Qd2 Bb7 11. Bh6 Qd7 12. Bxg7 Kxg7 13. Ne2 b5 14. c3 Rad8 15. Ng3 e6 16. dxe6 fxe6 17. Rfe1 d5 18. exd5 exd5 19. Rad1 Rfe8 20. b3 d4 21. Rxe8 Rxe8 22. Be2 Ne4 23. Nxe4 Bxe4 24. cxd4 cxd4 25. Nxd4 Re5 26. Bf3 Bxf3 27. Nxf3 Rd5 28. Qc3+ Kg8 29. Rxd5 Nxd5 30. Qd4 a5 31. Ne5 Qe6 32. Ng4 h5 33. Qxd5 1-0

[Event "Canada Day op"]
[Site "Edmonton CAN"]
[Date "1998.07.04"]
[Round "1"]
[White "Jeserich"]
[Black "Ottosen, David"]
[Result "0-1"]
[WhiteElo "1735"]
[BlackElo "2145"]
[PlyCount "62"]
[GameId "2160767911872809"]
[EventDate "1998.07.04"]
[EventType "swiss"]
[EventRounds "5"]
[EventCountry "CAN"]

1. c4 g6 2. d4 Nf6 3. Nf3 Bg7 4. Bg5 O-O 5. Bxf6 Bxf6 6. e4 c5 7. e5 Bg7 8. d5 d6 9. Qe2 dxe5 10. Nxe5 e6 11. dxe6 Bxe6 12. Nc3 Re8 13. Rd1 Qc8 14. f4 Bxe5 15. fxe5 Bg4 16. Qe3 Bxd1 17. Kxd1 Nc6 18. Nd5 Rxe5 19. Qxc5 Qg4+ 20. Kd2 Rd8 21. Kc3 Qe6 22. g3 b6 23. Qf2 Rf5 24. Qe2 Qd6 25. Bg2 Qc5 26. Rd1 Rf2 27. Qe4 Qa5+ 28. Kb3 Rxd5 29. cxd5 Qb5+ 30. Kc3 Qxb2+ 31. Kd3 Qc2+ 0-1

[Event "Canada Day op"]
[Site "Edmonton CAN"]
[Date "1998.07.04"]
[Round "2"]
[White "Ottosen, David"]
[Black "Hansen, Steve"]
[Result "1-0"]
[WhiteElo "2145"]
[BlackElo "1805"]
[PlyCount "63"]
[GameId "2160767911872810"]
[EventDate "1998.07.04"]
[EventType "swiss"]
[EventRounds "5"]
[EventCountry "CAN"]

1. e4 d5 2. d4 dxe4 3. Nc3 Nf6 4. Bg5 Nbd7 5. Bc4 c6 6. Qe2 e6 7. Nxe4 Be7 8. O-O-O Nxe4 9. Bxe7 Qxe7 10. Qxe4 Nf6 11. Qe2 b5 12. Bd3 a5 13. Nf3 Nd5 14. Ne5 b4 15. Qg4 f6 16. Qh5+ Kf8 17. Ng6+ hxg6 18. Qxh8+ Kf7 19. Qh4 Nc3 20. g4 Ke8 21. Bxg6+ Kd8 22. bxc3 bxc3 23. Qh8+ Kc7 24. Rd3 Bb7 25. Qh3 Qa3+ 26. Kd1 Qxa2 27. Qg3+ Kd7 28. d5 Qb1+ 29. Ke2 Qxc2+ 30. Ke3 Ba6 31. dxe6+ Kc8 32. Rd8+ 1-0

[Event "Canada Day op"]
[Site "Edmonton CAN"]
[Date "1998.07.04"]
[Round "3"]
[White "Ottosen, David"]
[Black "Walker, Warrick"]
[Result "0-1"]
[WhiteElo "2145"]
[BlackElo "2190"]
[PlyCount "120"]
[GameId "2160767911872811"]
[EventDate "1998.07.04"]
[EventType "swiss"]
[EventRounds "5"]
[EventCountry "CAN"]

1. e4 e6 2. d4 b6 3. Bd3 Bb7 4. c4 Bb4+ 5. Bd2 Bxd2+ 6. Nxd2 Ne7 7. Qe2 O-O 8. Ngf3 Ng6 9. Qe3 e5 10. O-O d6 11. d5 Nd7 12. b4 Nf4 13. Rfc1 Nf6 14. Bf1 Bc8 15. c5 Ng4 16. Qb3 Qf6 17. cxd6 cxd6 18. h3 Nh6 19. Rc3 Qg6 20. Kh1 Bd7 21. Ne1 f5 22. Rc7 Rf7 23. g3 Nh5 24. Bg2 f4 25. g4 Nf6 26. f3 Ne8 27. Rc3 Rf8 28. Nd3 Nf7 29. Nc4 Qh6 30. Qd1 Ng5 31. Kh2 Qg6 32. Rcc1 h5 33. Ndxe5 dxe5 34. Nxe5 Qd6 35. Nxd7 Qxd7 36. e5 hxg4 37. hxg4 Nf6 38. exf6 Rxf6 39. Qd4 Raf8 40. Re1 Rh6+ 41. Kg1 Nh3+ 42. Bxh3 Rxh3 43. Qe4 Qd8 44. Qe6+ Kh7 45. Re5 Rf6 46. Rh5+ Rxh5 47. Qe4+ Rg6 48. Qxg6+ Kxg6 49. gxh5+ Kxh5 50. Rd1 Qd6 51. a3 Kh4 52. Kf2 Kg5 53. Rd3 Kf5 54. Ke2 g5 55. Kf2 Ke5 56. Rd2 Qxd5 57. Rxd5+ Kxd5 58. Kg2 Kd4 59. Kh3 b5 60. Kg2 Ke3 0-1

[Event "Canada Day op"]
[Site "Edmonton CAN"]
[Date "1998.07.05"]
[Round "4"]
[White "Clark, Alan"]
[Black "Ottosen, David"]
[Result "1/2-1/2"]
[WhiteElo "2000"]
[BlackElo "2025"]
[PlyCount "83"]
[GameId "2160767911872812"]
[EventDate "1998.07.04"]
[EventType "swiss"]
[EventRounds "5"]
[EventCountry "CAN"]

1. e4 d5 2. exd5 Nf6 3. d4 Bg4 4. Be2 Bxe2 5. Nxe2 Qxd5 6. O-O e6 7. Bf4 Bd6 8. Bxd6 Qxd6 9. Qd3 Nc6 10. c3 O-O-O 11. Qg3 Qxg3 12. Nxg3 e5 13. dxe5 Nxe5 14. Na3 c6 15. Rad1 Rxd1 16. Rxd1 Rd8 17. Rxd8+ Kxd8 18. Nc2 Nd3 19. Nf5 g6 20. Nd6 Kc7 21. Nxf7 Nxb2 22. Ne3 b5 23. Ng5 a5 24. a3 Kd6 25. Kf1 Na4 26. c4 b4 27. axb4 axb4 28. Ke2 b3 29. Nf3 b2 30. Nd2 Nc3+ 31. Kd3 b1=Q+ 32. Nxb1 Nxb1 33. Kc2 Na3+ 34. Kb3 Nb1 35. Kc2 Ne4 36. Kxb1 Nxf2 37. Kc2 Kc5 38. Kc3 Ne4+ 39. Kd3 Nd6 40. Kc3 Nf7 41. Ng4 Nd6 42. Ne3 1/2-1/2

[Event "Canada Day op"]
[Site "Edmonton CAN"]
[Date "1998.07.05"]
[Round "5"]
[White "Ottosen, David"]
[Black "Hughey, Micah"]
[Result "0-1"]
[WhiteElo "2150"]
[BlackElo "2025"]
[PlyCount "102"]
[GameId "2160767911872813"]
[EventDate "1998.07.04"]
[EventType "swiss"]
[EventRounds "5"]
[EventCountry "CAN"]

1. c4 e6 2. e4 d5 3. exd5 exd5 4. d4 Nf6 5. Nc3 Be7 6. Nf3 O-O 7. cxd5 Nxd5 8. Bd3 Bg4 9. O-O Nc6 10. Be3 Re8 11. h3 Bh5 12. Bxh7+ Kxh7 13. Ng5+ Bxg5 14. Qxh5+ Bh6 15. Bxh6 Nf6 16. Qxf7 Kxh6 17. Nb5 Qd5 18. Qxd5 Nxd5 19. Rfe1 Rad8 20. Rxe8 Rxe8 21. Kf1 a6 22. Nc3 Nxc3 23. bxc3 Kg6 24. Rb1 b6 25. d5 Ne5 26. d6 Nc4 27. d7 Rd8 28. Rb4 Nd6 29. Rg4+ Kf6 30. Rf4+ Ke6 31. Ke2 Rxd7 32. g4 b5 33. f3 c5 34. Rf8 a5 35. Ra8 Nc4 36. Ra6+ Kd5 37. Kf2 b4 38. cxb4 axb4 39. Rg6 Ne5 40. Rg5 Rf7 41. Ke2 Kd4 42. f4 Nd3 43. f5 Nc1+ 44. Kd2 Nxa2 45. Kc2 c4 46. Kb2 b3 47. Rg6 Rc7 48. Rd6+ Ke5 49. Re6+ Kf4 50. Re2 c3+ 51. Ka3 c2 0-1

[Event "Canada Day op"]
[Site "Toronto CAN"]
[Date "1998.07.03"]
[Round "1"]
[White "Cohen, David"]
[Black "Ochkoos, Jura"]
[Result "0-1"]
[WhiteElo "2011"]
[BlackElo "2407"]
[PlyCount "52"]
[GameId "2160767911872814"]
[EventDate "1998.07.03"]
[EventType "swiss"]
[EventRounds "5"]
[EventCountry "CAN"]

1. Nf3 f5 2. c4 Nf6 3. Nc3 d6 4. d4 e6 5. e3 Be7 6. Bd3 O-O 7. e4 Nc6 8. Be3 f4 9. Bxf4 Nxe4 10. Nxe4 Rxf4 11. O-O e5 12. d5 Nb8 13. Qc2 Na6 14. a3 g6 15. b4 Qf8 16. Rfe1 Qh6 17. Re3 Bg4 18. c5 Raf8 19. Be2 Nb8 20. c6 bxc6 21. dxc6 d5 22. Nxe5 Bxe2 23. Qxe2 dxe4 24. Rxe4 Bd6 25. Qc4+ Kh8 26. Nd7 Qxh2+ 0-1

[Event "Canada Day op"]
[Site "Toronto CAN"]
[Date "1998.07.03"]
[Round "2"]
[White "Meng, Ang"]
[Black "Cohen, David"]
[Result "1-0"]
[WhiteElo "2152"]
[BlackElo "2011"]
[PlyCount "83"]
[GameId "2160767911872815"]
[EventDate "1998.07.03"]
[EventType "swiss"]
[EventRounds "5"]
[EventCountry "CAN"]

1. e4 c5 2. Nf3 d6 3. c4 Nc6 4. d4 cxd4 5. Nxd4 Nf6 6. Nc3 g6 7. Be2 Bg7 8. Be3 Bd7 9. O-O O-O 10. Rc1 Rc8 11. b3 a6 12. h3 Qa5 13. Qd2 Rfe8 14. a3 Nxd4 15. Qxd4 Bc6 16. Qd3 Qxa3 17. Ra1 Qb4 18. Rfc1 Nd7 19. Bd2 Qb6 20. b4 Ne5 21. Qb1 Bd7 22. Be3 Qd8 23. Nd5 Be6 24. f4 Bxd5 25. exd5 Nd7 26. Ra2 Rc7 27. Rd2 Qc8 28. Rcd1 Nf6 29. Qd3 Nd7 30. Kh2 f5 31. Bf2 Nf6 32. Bb6 Rd7 33. Bf3 e5 34. dxe6 Rxe6 35. Bd5 Nxd5 36. Qxd5 Qe8 37. c5 Kf8 38. cxd6 Rexd6 39. Bc5 Bc3 40. Bxd6+ Kg7 41. Be5+ Bxe5 42. Qxd7+ 1-0